Multiple Choice City Quiz – Moscow - Statistics

General Stats
  • This quiz has been taken 13,664 times
    13,657 since last reset
  • The average score is 7 of 10
Answer Stats
Question Answer % Correct
What's foreign capital is closest to Moscow? Minsk
90%
Whose embalmed body can be viewed near Red Square? V. I. Lenin
87%
When did Moscow host the Summer Olympics? 1980
82%
What is a person from Moscow called? Muscovite
82%
Who conquered Moscow in 1812 but was forced to retreat after the fleeing residents burned the city? The French
82%
What is Moscow's most well-known opera and ballet house? Bolshoi Theatre
79%
Who is Moscow's most famous cathedral named for? St. Basil
74%
What is something unusual about the Moscow Metro? It has chandeliers
67%
What "Culture and Leisure" park was opened by the Soviets in 1928? Gorky Park
57%
What river flows through Moscow? Moskva
44%
No matching quizzes found
Score Distribution
Percent of People with Each Score
Percentile by Number Answered
Your Score History
You have not taken this quiz since the last reset